| 000 | 00507nam a2200193 a 4500 | ||
|---|---|---|---|
| 001 | 3074 | ||
| 003 | CDMR | ||
| 005 | 20131029162833.0 | ||
| 008 | 130130s1986||||||||||||||||||||||||||||d | ||
| 020 | _a8430913149 | ||
| 040 |
_aCDMR _bcat _cCDMR |
||
| 100 | 1 |
_aSecanella, Petra María _9768 |
|
| 245 | 1 | 0 |
_aPeriodismo de investigación _cPetra M. Secanella |
| 260 |
_aMadrid _c1986 _bTecnos |
||
| 300 | _a122 p. | ||
| 490 | 0 | _aStatus Quaestionis | |
| 650 | 0 | 4 |
_93353 _aPeriodisme d'investigació |
| 942 |
_cMON _2udc |
||
| 999 |
_c3074 _d3074 |
||